| 000 | 01152nam a22003737a 4500 | ||
|---|---|---|---|
| 001 | 0041284 | ||
| 003 | KOHA_MİRAKIL | ||
| 005 | 20260207003230.0 | ||
| 007 | ta | ||
| 008 | 130730b2006 tu |||gr||||#||||1|tur | | ||
| 020 | _a9753388160 | ||
| 020 | _a 9753388241 | ||
| 020 | _a 9789753388245 | ||
| 040 |
_aTR-BiSEU _btur _cTR-BiSEU _erda |
||
| 041 | 0 | _atur | |
| 044 | _ctu | ||
| 050 |
_aPL205 _b.K65 2006 |
||
| 100 | 1 | _aKöksal, M. Fatih. | |
| 245 | 1 |
_aSana benzer güzel olmaz : _bdivan şiirinde nazire/ _cM. Fatih Köksal ; M. Fatih Köksal. |
|
| 264 | 1 |
_aAnkara : _bAkçağ Yayınları _c2006 |
|
| 300 |
_a183 sayfa ; _c20 cm. |
||
| 336 |
_ametin _btxt _2rdacontent |
||
| 337 |
_aaracısız _bn _2rdamedia |
||
| 338 |
_acilt _bnc _2rdacarrier |
||
| 490 | 1 |
_aAkçağ yayınları ; _v838. |
|
| 490 | 1 |
_a Eski Türk Edebiyatı ; _v72. |
|
| 500 | _aDizin var. | ||
| 500 | _aBibliyografya var. | ||
| 650 | 0 |
_aTürk şiiri--Tarih ve eleştiri. _917300 |
|
| 650 | 0 |
_aTurkish poetry--History and criticism. _910077 |
|
| 830 | 1 |
_aAkçağ yayınları ; _v838. _97970 |
|
| 830 | 1 |
_a Eski Türk Edebiyatı ; _v72. _976575 |
|
| 942 |
_2lcc _cBK |
||
| 999 |
_c41140 _d41140 |
||